| 000 | 01745cam a22003131ia4500 | ||
|---|---|---|---|
| 003 | SA-RiAUC | ||
| 005 | 20250625130321.0 | ||
| 008 | 250607s2016____su f f100 0 ara c | ||
| 020 | _a9786039077527 | ||
| 040 |
_aSA-MaHRM _bara _cSA-RiAUC _erda |
||
| 043 | _aa-su--- | ||
| 082 | 0 | 4 |
_a953.121 _qSA-RiAUC |
| 090 |
_a953.121 _bن د و |
||
| 111 | 2 |
_aندوة الطوافة والمطوفون _d( 1435 هجري : _cمكة المكرمة) |
|
| 245 | 1 | 2 |
_aالطوافة والمطوفون : _bبحوث الندوة العلمية التي عقدها كرسي الملك سلمان بن عبد العزيز لدراسات تاريخ مكة المكرمة في جامعة أم القرى بمكة المكرمة بالمشاركة مع إمارة مكة المكرمة ووزارة الحج بتاريخ 22-23 / 2 / 1435. |
| 250 | _aالطبعة الأولى. | ||
| 264 | 1 |
_aمكة المكرمة : _bكرسي الملك سلمان بن عبد العزيز آل سعود لدراسات تاريخ مكة المكرمة، _c2016 |
|
| 300 |
_a3 مجلد ؛ _c24 سم |
||
| 336 |
_aنص _btxt _2rdacontent _3كتاب |
||
| 337 |
_aبدون وسيط _bn _2rdamedia |
||
| 338 |
_aمجلد _bnc _2rdacarrier |
||
| 650 | 7 |
_aالطوافة (حج) _xتاريخ _vمؤتمرات _2aucsh |
|
| 651 | 7 |
_aمكة المكرمة _xتاريخ _vمؤتمرات _2aucsh |
|
| 710 | 1 |
_aمكة المكرمة _eمنظم. |
|
| 710 | 1 |
_aالسعودية. _bوزارة الحج _eمنظم. |
|
| 710 | 2 |
_aجامعة أم القرى. _bعمادة البحث العلمي. _bكرسي الملك سلمان بن عبد العزيز آل سعود لدراسات تاريخ مكة المكرمة _eمنظم. |
|
| 942 |
_2ddc _cBOOK _n0 |
||
| 949 |
_aSA-JeALM _d250607 _umohamedma123 _n1 |
||
| 999 |
_c9157 _d9157 |
||